De iuramento fidelitatis (Record no. 148780)

MARC details
000 -LEADER
campo de control de longitud fija 01004nam a2200277 4500
001 - NÚMERO DE CONTROL
campo de control 148780
003 - IDENTIFICADOR DE NÚMERO DE CONTROL
campo de control ES-MaACL
005 - FECHA Y HORA DE LA ÚLTIMA TRANSACCIÓN
campo de control 20230906202813.0
007 - CAMPO FIJO DE DESCRIPCIÓN FÍSICA--INFORMACIÓN GENERAL
campo de control de longitud fija t|
008 - DATOS DE LONGITUD FIJA--INFORMACIÓN GENERAL
campo de control de longitud fija 070214s1978 sp r ||||1| spa d
100 1# - ENTRADA PRINCIPAL--NOMBRE DE PERSONA
Nombre de persona Suárez, Francisco.
9 (RLIN) 108560
245 10 - MENCIÓN DEL TÍTULO
Título De iuramento fidelitatis
Resto del título : documentación fundamental /
Mención de responsabilidad, etc. Francisco Suárez.
250 ## - MENCION DE EDICION
Mención de edición Ed. crítica bilingüe
Resto de la mención de edición por L. Pereña, V. Abril y C. Baciero ; y con la colaboración de A. García y C. Villanueva.
260 ## - PUBLICACIÓN, DISTRIBUCIÓN, ETC.
Lugar de publicación, distribución, etc. Madrid :
Nombre del editor, distribuidor, etc. Instituto Francisco de Vitoria,
Fecha de publicación, distribución, etc. 1978.
300 ## - DESCRIPCIÓN FÍSICA
Extensión 383 p. ;
Dimensiones 21 cm.
490 1# - MENCIÓN DE SERIE
Mención de serie Corpus hispanorum de pace ;
Designación de volumen o secuencia 19
700 1# - ENTRADA AGREGADA--NOMBRE PERSONAL
Nombre de persona Pereña, Luciano.
9 (RLIN) 90516
700 1# - ENTRADA AGREGADA--NOMBRE PERSONAL
Nombre de persona Abril Castelló, Vidal,
9 (RLIN) 18173
700 1# - ENTRADA AGREGADA--NOMBRE PERSONAL
Nombre de persona Baciero, Carlos.
9 (RLIN) 24494
700 1# - ENTRADA AGREGADA--NOMBRE PERSONAL
Nombre de persona García, A.
9 (RLIN) 53991
700 1# - ENTRADA AGREGADA--NOMBRE PERSONAL
Nombre de persona Villanueva, C.
9 (RLIN) 115015
710 2# - ENTRADA AGREGADA--NOMBRE DE ENTIDAD CORPORATIVA
Nombre de entidad corporativa o nombre de jurisdicción como elemento de entrada Instituto Francisco de Vitoria.
9 (RLIN) 3245
830 0# - PUNTO DE ACCESO ADICIONAL DE SERIE-TÍTULO UNIFORME
Título uniforme Corpus hispanorum de pace ;
Designación de volumen o secuencia 19
9 (RLIN) 186720
852 ## - LOCALIZACIÓN
Ubicación ES-MaACL
Número de control de estantería L-8180
Sublocalización o colección R.109199
Holdings
Estatus retirado Estado de pérdida Estado de daño No para préstamo Biblioteca de origen Biblioteca actual Ubicación en estantería Fecha de adquisición Fuente de adquisición Total de préstamos Signatura topográfica completa Código de barras Visto por última vez Precio de reemplazo Tipo de ítem Koha
        Biblioteca del Ateneo de Madrid Biblioteca del Ateneo de Madrid Depósito 2 17/01/2008     L-8180 1155262 23/02/2023 23/02/2023 Libro impreso